[Event "GBR-ch80"]
[Site "Dundee"]
[Date "1993.08.06"]
[Round "5"]
[White "Webster, Andrew"]
[Black "Arkell, Keith C"]
[Result "1-0"]
[WhiteElo "2410"]
[BlackElo "2460"]
[PlyCount "55"]
[EventDate "1993.08.02"]
[EventType "swiss"]
[EventRounds "11"]
[EventCountry "GBR"]
[SourceTitle "BritBase"]
[Source "britbase.info"]
[SourceDate "2021.07.30"]
[SourceVersion "1"]
[SourceVersionDate "2021.07.30"]
[SourceQuality "1"]

1. c4 c5 2. g3 Nc6 3. Bg2 g6 4. e3 Bg7 5. Ne2 Nf6 6. Nbc3 O-O 7. O-O d6 8. d4
Bg4 9. d5 Na5 10. h3 Bd7 11. b3 a6 12. Qd3 b5 13. Rb1 Rb8 14. cxb5 axb5 15. b4
cxb4 16. Rxb4 Nc4 17. Nd4 Qa5 18. Qb1 Rfc8 19. Ncxb5 Ne8 20. Nc6 Bxc6 21. dxc6
Ne5 22. Bd2 Rxc6 23. Nxd6 Rxb4 24. Bxb4 Qa8 25. Nxe8 Qxe8 26. Bxc6 Qxc6 27. e4
f5 28. Rc1 1-0

[Event "GBR-ch80"]
[Site "Dundee"]
[Date "1993.08.07"]
[Round "6"]
[White "Arkell, Keith C"]
[Black "Hastings, Jonathan J"]
[Result "1-0"]
[WhiteElo "2460"]
[BlackElo "2210"]
[PlyCount "87"]
[EventDate "1993.08.02"]
[EventType "swiss"]
[EventRounds "11"]
[EventCountry "GBR"]
[SourceTitle "BritBase"]
[Source "britbase.info"]
[SourceDate "2021.07.30"]
[SourceVersion "1"]
[SourceVersionDate "2021.07.30"]
[SourceQuality "1"]

1. d4 Nf6 2. Nf3 e6 3. c4 Bb4+ 4. Bd2 Qe7 5. g3 O-O 6. Bg2 Bxd2+ 7. Qxd2 d6 8.
Nc3 Nbd7 9. O-O e5 10. h3 c6 11. e4 Nh5 12. Rfe1 g6 13. Rad1 Ng7 14. b3 f6 15.
Re3 Nb6 16. Rd3 Be6 17. c5 exd4 18. cxd6 Qxd6 19. Rxd4 Qe7 20. Rd3 Bf7 21. h4
Ne6 22. e5 f5 23. Qh6 Rfd8 24. Rd6 Rxd6 25. exd6 Qf8 26. Qd2 Qg7 27. Qe3 Nd7
28. Ne2 Qf6 29. Nf4 Nxf4 30. gxf4 Bd5 31. Ne5 Qxd6 32. Nc4 Qf6 33. Bxd5+ cxd5
34. Rxd5 Nf8 35. h5 b6 36. Rd6 Qh4 37. hxg6 hxg6 38. Ne5 Qh7 39. Qc3 Qg7 40.
Qc6 Rb8 41. Nd7 Qa1+ 42. Kg2 Nxd7 43. Rxd7 Kh8 44. Qxg6 1-0

[Event "GBR-ch80"]
[Site "Dundee"]
[Date "1993.08.07"]
[Round "6"]
[White "Cobb, James"]
[Black "Forbes, Cathy"]
[Result "0-1"]
[WhiteElo "2280"]
[BlackElo "2105"]
[PlyCount "80"]
[EventDate "1993.08.02"]
[EventType "swiss"]
[EventRounds "11"]
[EventCountry "GBR"]
[SourceTitle "BritBase"]
[Source "britbase.info"]
[SourceDate "2021.07.30"]
[SourceVersion "1"]
[SourceVersionDate "2021.07.30"]
[SourceQuality "1"]

1. d4 d5 2. Nf3 c6 3. e3 Bf5 4. c4 e6 5. Nc3 Nf6 6. Bd3 Bxd3 7. Qxd3 Nbd7 8.
O-O Bd6 9. b3 O-O 10. Bb2 Re8 11. e4 dxe4 12. Nxe4 Nxe4 13. Qxe4 Nf6 14. Qh4
Be7 15. Qh3 a5 16. Rae1 a4 17. Ne5 axb3 18. axb3 Ra2 19. Ba1 Bb4 20. Re3 Qa5
21. Bc3 Bxc3 22. Rxc3 Ra1 23. Rcc1 Rxc1 24. Rxc1 Ra8 25. Qe3 Qb4 26. g4 h6 27.
h4 Ra3 28. Rb1 h5 29. gxh5 Nxh5 30. Qg5 Nf6 31. Qe3 Ra2 32. Kg2 Qd2 33. Qxd2
Rxd2 34. Nf3 Ra2 35. Ng5 Ng4 36. Kg3 Nh6 37. b4 Nf5+ 38. Kf4 Rxf2+ 39. Ke5 f6+
40. Kxe6 Nxd4+ 0-1

[Event "GBR-ch80"]
[Site "Dundee"]
[Date "1993.08.07"]
[Round "6"]
[White "Cooper, Lawrence"]
[Black "Parker, Jonathan"]
[Result "0-1"]
[WhiteElo "2310"]
[BlackElo "2370"]
[PlyCount "58"]
[EventDate "1993.08.02"]
[EventType "swiss"]
[EventRounds "11"]
[EventCountry "GBR"]
[SourceTitle "BritBase"]
[Source "britbase.info"]
[SourceDate "2021.07.30"]
[SourceVersion "1"]
[SourceVersionDate "2021.07.30"]
[SourceQuality "1"]

1. d4 d5 2. c4 e6 3. Nc3 c6 4. e3 Nf6 5. Nf3 Nbd7 6. Qc2 Bd6 7. g4 dxc4 8. Bxc4
b5 9. Bd3 b4 10. Ne4 Nxe4 11. Bxe4 Bb7 12. Nd2 Qc7 13. Nc4 Be7 14. Ne5 c5 15.
Nxd7 Qxd7 16. dxc5 Bxc5 17. Qxc5 Bxe4 18. O-O a5 19. f3 Bb7 20. a3 Rc8 21. Qxa5
O-O 22. Qxb4 Rc2 23. Qe1 f5 24. g5 Rd8 25. Rf2 Rxf2 26. Kxf2 Qc7 27. Kg2 Qc4
28. h3 Qb3 29. Bd2 Qd5 0-1

[Event "GBR-ch80"]
[Site "Dundee"]
[Date "1993.08.07"]
[Round "6"]
[White "Gokhale, Jayant Suresh"]
[Black "Walker, David"]
[Result "0-1"]
[WhiteElo "2330"]
[BlackElo "2305"]
[PlyCount "82"]
[EventDate "1993.08.02"]
[EventType "swiss"]
[EventRounds "11"]
[EventCountry "GBR"]
[SourceTitle "BritBase"]
[Source "britbase.info"]
[SourceDate "2021.07.30"]
[SourceVersion "1"]
[SourceVersionDate "2021.07.30"]
[SourceQuality "1"]

1. d4 Nf6 2. c4 g6 3. Nc3 Bg7 4. e4 d6 5. Nf3 O-O 6. Be2 e5 7. O-O Nc6 8. d5
Ne7 9. Nd2 a5 10. a3 Nd7 11. Rb1 f5 12. Qc2 Nf6 13. f3 c5 14. Nb5 a4 15. Ra1 f4
16. Nb1 h5 17. N1c3 g5 18. Nxa4 g4 19. b4 b6 20. Rb1 Ng6 21. Rd1 gxf3 22. Bxf3
Bg4 23. Nac3 Rf7 24. Kh1 Bf8 25. Qe2 Rg7 26. Bd2 Kh8 27. Be1 Qd7 28. Bf2 Be7
29. Rg1 Nh7 30. a4 Rag8 31. bxc5 bxc5 32. a5 Bh4 33. Nd1 Ng5 34. a6 Bxf3 35.
gxf3 Qh3 36. Rb3 Ne7 37. Bxh4 Qxh4 38. a7 Nh3 39. Rxg7 Rxg7 40. a8=Q+ Kh7 41.
Qf1 Qg5 0-1

[Event "GBR-ch80"]
[Site "Dundee"]
[Date "1993.08.07"]
[Round "6"]
[White "Harley, Andrew D"]
[Black "Norman, Kenneth I"]
[Result "1-0"]
[WhiteElo "2315"]
[BlackElo "2220"]
[PlyCount "105"]
[EventDate "1993.08.02"]
[EventType "swiss"]
[EventRounds "11"]
[EventCountry "GBR"]
[SourceTitle "BritBase"]
[Source "britbase.info"]
[SourceDate "2021.07.30"]
[SourceVersion "1"]
[SourceVersionDate "2021.07.30"]
[SourceQuality "1"]

1. e4 e5 2. Nf3 Nc6 3. Bb5 a6 4. Ba4 Nf6 5. O-O Be7 6. Re1 b5 7. Bb3 d6 8. c3
O-O 9. d4 Bg4 10. Be3 exd4 11. cxd4 d5 12. e5 Ne4 13. Nc3 Nxc3 14. bxc3 Na5 15.
Bc2 Nc4 16. Qd3 g6 17. Bh6 Re8 18. Qe2 Qd7 19. h3 Bf5 20. Bxf5 Qxf5 21. g4 Qd7
22. Ng5 Bf8 23. Bxf8 Rxf8 24. e6 fxe6 25. Qxe6+ Qxe6 26. Rxe6 Rfe8 27. Rae1 Nd6
28. R1e5 Rxe6 29. Nxe6 c6 30. Nc7 Rc8 31. Nxa6 Ne4 32. Nb4 Kf7 33. Kf1 Nxc3 34.
Re3 Ne4 35. Ra3 c5 36. dxc5 Rxc5 37. f3 Nf6 38. Ra7+ Ke6 39. Ra6+ Kf7 40. Ra7+
Ke6 41. Ra6+ Kf7 42. Ke2 d4 43. Kd2 h5 44. Nd3 Rc3 45. Ne5+ Kg7 46. g5 Nd5 47.
Rxg6+ Kf8 48. Rd6 Ne7 49. Rd8+ Kg7 50. Rd7 Kf8 51. g6 Re3 52. Rxe7 Kxe7 53. g7
1-0

[Event "GBR-ch80"]
[Site "Dundee"]
[Date "1993.08.07"]
[Round "6"]
[White "Hebden, Mark"]
[Black "Quillan, Gary"]
[Result "1-0"]
[WhiteElo "2560"]
[BlackElo "2300"]
[PlyCount "83"]
[EventDate "1993.08.02"]
[EventType "swiss"]
[EventRounds "11"]
[EventCountry "GBR"]
[SourceTitle "BritBase"]
[Source "britbase.info"]
[SourceDate "2021.07.30"]
[SourceVersion "1"]
[SourceVersionDate "2021.07.30"]
[SourceQuality "1"]

1. d4 Nf6 2. Nf3 c5 3. d5 d6 4. Nc3 g6 5. e4 Bg7 6. Be2 O-O 7. O-O Na6 8. Nd2
Nc7 9. a4 Rb8 10. Nc4 b6 11. Re1 a6 12. Bf4 b5 13. axb5 Nxb5 14. Nxb5 axb5 15.
Na5 Bd7 16. e5 Ne8 17. Bf3 Qc7 18. e6 fxe6 19. dxe6 Bc8 20. Bc1 Rb6 21. Nb3 Bb7
22. Bxb7 Qxb7 23. c3 Nf6 24. Bg5 Ra6 25. Rxa6 Qxa6 26. Nd2 Qa2 27. Qc2 Qd5 28.
Nf3 Ra8 29. Qe2 Qb3 30. Bc1 Ra4 31. Nd2 Qc2 32. Qxb5 Ra1 33. Nb3 Rb1 34. Qb8+
Bf8 35. h3 d5 36. g4 g5 37. Kg2 d4 38. Nxc5 h6 39. Nd7 Nh7 40. Qe8 Rxc1 41.
Qf7+ Kh8 42. Rxc1 1-0

[Event "GBR-ch80"]
[Site "Dundee"]
[Date "1993.08.07"]
[Round "6"]
[White "Hennigan, Michael"]
[Black "Hodgson, Julian M"]
[Result "1/2-1/2"]
[WhiteElo "2415"]
[BlackElo "2625"]
[PlyCount "99"]
[EventDate "1993.08.02"]
[EventType "swiss"]
[EventRounds "11"]
[EventCountry "GBR"]
[SourceTitle "BritBase"]
[Source "britbase.info"]
[SourceDate "2021.07.30"]
[SourceVersion "1"]
[SourceVersionDate "2021.07.30"]
[SourceQuality "1"]

1. e4 c5 2. Nf3 d6 3. d4 cxd4 4. Nxd4 Nf6 5. Nc3 a6 6. Be3 Ng4 7. Bg5 h6 8. Bh4
g5 9. Bg3 Bg7 10. Qd2 Nc6 11. Nb3 Be6 12. h4 gxh4 13. Bxh4 Rc8 14. O-O-O b5 15.
Nd5 Nge5 16. c3 Nc4 17. Bxc4 bxc4 18. Nd4 Bxd5 19. exd5 Nxd4 20. cxd4 c3 21.
bxc3 Qa5 22. Rh3 Qxd5 23. Rg3 Rg8 24. Re1 Rc7 25. Bf6 Bxf6 26. Rxg8+ Kd7 27.
Rg3 Qxd4 28. Qxd4 Bxd4 29. Rf3 Bxc3 30. Rh1 a5 31. Kd1 Bf6 32. Rxh6 Bg5 33. Rh5
Rc1+ 34. Ke2 Rc2+ 35. Kd3 Rd2+ 36. Kc3 Rd5 37. Kb3 f6 38. Rh7 Rd4 39. g3 d5 40.
Kc3 Rd2 41. Rf5 d4+ 42. Kc4 Ke6 43. g4 d3 44. f4 Rg2 45. Kxd3 Rxg4 46. Rxa5
Bxf4 47. Rh1 Bd6 48. Re1+ Kd7 49. Ra7+ Kc6 50. Raxe7 1/2-1/2

[Event "GBR-ch80"]
[Site "Dundee"]
[Date "1993.08.07"]
[Round "6"]
[White "Knox, Victor W"]
[Black "Levitt, Jonathan"]
[Result "1/2-1/2"]
[WhiteElo "2315"]
[BlackElo "2455"]
[PlyCount "65"]
[EventDate "1993.08.02"]
[EventType "swiss"]
[EventRounds "11"]
[EventCountry "GBR"]
[SourceTitle "BritBase"]
[Source "britbase.info"]
[SourceDate "2021.07.30"]
[SourceVersion "1"]
[SourceVersionDate "2021.07.30"]
[SourceQuality "1"]

1. e4 e6 2. d4 d5 3. Nc3 Bb4 4. e5 c5 5. Bd2 Ne7 6. Nb5 Bxd2+ 7. Qxd2 O-O 8.
dxc5 Nd7 9. Nf3 Nxc5 10. Bd3 Nc6 11. O-O f6 12. Rfe1 Bd7 13. c4 Nxe5 14. Nxe5
Bxb5 15. cxb5 fxe5 16. Rxe5 Qf6 17. Re2 Rad8 18. Rae1 Nxd3 19. Qxd3 e5 20. Qe3
e4 21. Qxa7 d4 22. Qxb7 d3 23. Rd2 Qg5 24. Rdd1 Qc5 25. Qxe4 Qxf2+ 26. Kh1 d2
27. Rg1 Rfe8 28. Qf3 Qd4 29. h3 Qxb2 30. Qb3+ Qxb3 31. axb3 Re3 32. Rgf1 Rc3
33. Kh2 1/2-1/2

[Event "GBR-ch80"]
[Site "Dundee"]
[Date "1993.08.07"]
[Round "6"]
[White "Koshy, Varugeese"]
[Black "Ferguson, Mark"]
[Result "1/2-1/2"]
[WhiteElo "2415"]
[BlackElo "2195"]
[PlyCount "40"]
[EventDate "1993.08.02"]
[EventType "swiss"]
[EventRounds "11"]
[EventCountry "GBR"]
[SourceTitle "BritBase"]
[Source "britbase.info"]
[SourceDate "2021.07.30"]
[SourceVersion "1"]
[SourceVersionDate "2021.07.30"]
[SourceQuality "1"]

1. c4 c6 2. b3 d5 3. Bb2 Nf6 4. g3 Bf5 5. Bg2 e6 6. Nf3 h6 7. O-O Bd6 8. d3 O-O
9. Nbd2 Nbd7 10. e4 dxe4 11. dxe4 Bxe4 12. Nxe4 Nxe4 13. Nh4 Ndf6 14. Qe2 Ng5
15. Rad1 Qc7 16. Bxf6 gxf6 17. Qh5 Kg7 18. f4 Nh7 19. f5 e5 20. Nf3 Bb4 1/2-1/2

[Event "GBR-ch80"]
[Site "Dundee"]
[Date "1993.08.07"]
[Round "6"]
[White "Lyell, Mark"]
[Black "Lee, Graham D"]
[Result "0-1"]
[WhiteElo "2235"]
[BlackElo "2345"]
[PlyCount "63"]
[EventDate "1993.08.02"]
[EventType "swiss"]
[EventRounds "11"]
[EventCountry "GBR"]
[SourceTitle "BritBase"]
[Source "britbase.info"]
[SourceDate "2021.07.30"]
[SourceVersion "1"]
[SourceVersionDate "2021.07.30"]
[SourceQuality "1"]

1. e4 c6 2. d4 d5 3. exd5 cxd5 4. c4 Nf6 5. Nc3 Nc6 6. Bg5 Be6 7. g3 Qa5 8.
Bxf6 exf6 9. c5 b6 10. cxb6 Qxb6 11. Nge2 Qxb2 12. Rb1 Qa3 13. Rb3 Qa5 14. Bg2
Bb4 15. O-O O-O 16. Qd3 Rab8 17. Rfb1 Rb6 18. R1b2 Rc8 19. Nd1 Ne7 20. Ne3 Bd7
21. Rc2 Rcb8 22. Rc7 Bb5 23. Qc2 Ba4 24. h4 Bxb3 25. axb3 Bd6 26. Rc3 R6b7 27.
Ng4 Rc7 28. Rxc7 Qxc7 29. Qd3 Qb7 30. Nc1 Ba3 31. Qe3 Qc8 32. Bh3 0-1

[Event "GBR-ch80"]
[Site "Dundee"]
[Date "1993.08.07"]
[Round "6"]
[White "Martin, Andrew D"]
[Black "McDonald, Neil R"]
[Result "1-0"]
[WhiteElo "2425"]
[BlackElo "2395"]
[PlyCount "81"]
[EventDate "1993.08.02"]
[EventType "swiss"]
[EventRounds "11"]
[EventCountry "GBR"]
[SourceTitle "BritBase"]
[Source "britbase.info"]
[SourceDate "2021.07.30"]
[SourceVersion "1"]
[SourceVersionDate "2021.07.30"]
[SourceQuality "1"]

1. g3 Nf6 2. Bg2 g6 3. e4 d6 4. Ne2 Bg7 5. d4 O-O 6. O-O e5 7. h3 exd4 8. Nxd4
Re8 9. Nc3 Nbd7 10. Re1 Nc5 11. a4 a5 12. Bf4 Nh5 13. Be3 Nf6 14. f3 b6 15. Qd2
Bb7 16. Ndb5 Re7 17. Rad1 Qe8 18. b3 Qf8 19. g4 h6 20. Bf4 Kh7 21. Bg3 Qh8 22.
Bf1 Rae8 23. h4 Nfd7 24. Nd5 Bxd5 25. exd5 Be5 26. f4 Bg7 27. Nxc7 Bc3 28. Rxe7
Rxe7 29. Qg2 Nf6 30. Nb5 Nxg4 31. Qf3 Ne3 32. Nxc3 Nxd1 33. Nxd1 Ne4 34. Bf2
Qe8 35. Bd3 Nxf2 36. Nxf2 Re1+ 37. Kh2 Qe7 38. h5 Kg7 39. hxg6 fxg6 40. Be4 Qf7
41. Qc3+ 1-0

[Event "GBR-ch80"]
[Site "Dundee"]
[Date "1993.08.07"]
[Round "6"]
[White "Martin, Benjamin"]
[Black "Summerscale, Aaron"]
[Result "1-0"]
[WhiteElo "2410"]
[BlackElo "2355"]
[PlyCount "69"]
[EventDate "1993.08.02"]
[EventType "swiss"]
[EventRounds "11"]
[EventCountry "GBR"]
[SourceTitle "BritBase"]
[Source "britbase.info"]
[SourceDate "2021.07.30"]
[SourceVersion "1"]
[SourceVersionDate "2021.07.30"]
[SourceQuality "1"]

1. e4 e5 2. Nf3 d6 3. Bc4 Be7 4. d3 Nc6 5. c3 Nf6 6. Bb3 O-O 7. O-O d5 8. Nbd2
Re8 9. Qe2 Bf8 10. Rd1 Be6 11. Nf1 h6 12. Ng3 Qc8 13. Bc2 g6 14. h3 a5 15. a4
Nd7 16. Be3 Ne7 17. d4 dxe4 18. Nxe5 f5 19. f4 exf3 20. Nxf3 Nd5 21. Bd2 Ra6
22. Re1 Rb6 23. Rab1 N5f6 24. Qf2 Bd5 25. b3 Rxe1+ 26. Rxe1 Bf7 27. c4 Qa8 28.
Kh1 Re6 29. Rxe6 Bxe6 30. Qe1 Bf7 31. Bxa5 Qb8 32. Ne5 Be8 33. Nxd7 Bxd7 34.
Qe5 Ne8 35. Qd5+ 1-0

[Event "GBR-ch80"]
[Site "Dundee"]
[Date "1993.08.07"]
[Round "6"]
[White "McNab, Colin Anderson"]
[Black "Emms, John M"]
[Result "1/2-1/2"]
[WhiteElo "2490"]
[BlackElo "2455"]
[PlyCount "48"]
[EventDate "1993.08.02"]
[EventType "swiss"]
[EventRounds "11"]
[EventCountry "GBR"]
[SourceTitle "BritBase"]
[Source "britbase.info"]
[SourceDate "2021.07.30"]
[SourceVersion "1"]
[SourceVersionDate "2021.07.30"]
[SourceQuality "1"]

1. c4 c5 2. Nf3 Nc6 3. g3 g6 4. Bg2 Bg7 5. Nc3 e6 6. d4 cxd4 7. Nb5 d5 8. cxd5
exd5 9. Nbxd4 Nge7 10. O-O O-O 11. Be3 Re8 12. Re1 Nf5 13. Nxf5 Bxf5 14. Nd4
Be4 15. Rc1 Bxg2 16. Kxg2 Qd7 17. Nxc6 bxc6 18. Bd4 Bxd4 19. Qxd4 Re4 20. Qc5
Rae8 21. Qxc6 Qxc6 22. Rxc6 Rxe2 23. Rxe2 Rxe2 24. Ra6 Rxb2 1/2-1/2

[Event "GBR-ch80"]
[Site "Dundee"]
[Date "1993.08.07"]
[Round "6"]
[White "Muir, Andrew J"]
[Black "Ledger, David"]
[Result "1/2-1/2"]
[WhiteElo "2360"]
[BlackElo "2295"]
[PlyCount "86"]
[EventDate "1993.08.02"]
[EventType "swiss"]
[EventRounds "11"]
[EventCountry "GBR"]
[SourceTitle "BritBase"]
[Source "britbase.info"]
[SourceDate "2021.07.30"]
[SourceVersion "1"]
[SourceVersionDate "2021.07.30"]
[SourceQuality "1"]

1. d4 Nf6 2. c4 g6 3. Nc3 Bg7 4. e4 d6 5. f3 O-O 6. Be3 c5 7. Nge2 Nc6 8. d5
Na5 9. Ng3 a6 10. Be2 e6 11. Rc1 exd5 12. cxd5 b5 13. b3 Ne8 14. O-O Bd7 15. f4
b4 16. Nb1 Nc7 17. e5 Nb5 18. Ne4 Nb7 19. Nxd6 N7xd6 20. exd6 Re8 21. Bxc5 Rc8
22. Bxb5 Rxc5 23. Bxd7 Qxd7 24. Rxc5 Qa7 25. Qc2 Bd4+ 26. Kh1 Bxc5 27. Nd2 Bxd6
28. Ne4 Qe7 29. Nxd6 Qxd6 30. Qd2 Re4 31. g3 h5 32. Qd3 Re8 33. f5 Re5 34. fxg6
fxg6 35. Rd1 Rf5 36. Kg1 Qc5+ 37. Qd4 Rxd5 38. Qxc5 Rxc5 39. Rd6 Rc1+ 40. Kg2
Rc2+ 41. Kh3 Rxa2 42. Rxg6+ Kh7 43. Rb6 a5 1/2-1/2

[Event "GBR-ch80"]
[Site "Dundee"]
[Date "1993.08.07"]
[Round "6"]
[White "Murugan, Krishnamoorthy"]
[Black "Kumaran, Dharshan"]
[Result "0-1"]
[WhiteElo "2430"]
[BlackElo "2425"]
[PlyCount "64"]
[EventDate "1993.08.02"]
[EventType "swiss"]
[EventRounds "11"]
[EventCountry "GBR"]
[SourceTitle "BritBase"]
[Source "britbase.info"]
[SourceDate "2021.07.30"]
[SourceVersion "1"]
[SourceVersionDate "2021.07.30"]
[SourceQuality "1"]

1. Nf3 Nf6 2. c4 c5 3. Nc3 e6 4. d4 cxd4 5. Nxd4 Bb4 6. e3 Ne4 7. Qc2 Nxc3 8.
bxc3 Be7 9. Bd3 h6 10. Rb1 Na6 11. Be4 Nc5 12. Bf3 Rb8 13. O-O a6 14. Ba3 Qc7
15. Nb3 d6 16. Rfd1 Bd7 17. Rd2 O-O 18. Rbd1 Ba4 19. Bxc5 dxc5 20. Qc1 Bf6 21.
Qa3 b5 22. cxb5 axb5 23. c4 Bc3 24. Rd7 Qe5 25. cxb5 Bxb5 26. Ra7 Rbc8 27. Qc1
Rfd8 28. a4 Be8 29. Nd2 c4 30. Ne4 Rxd1+ 31. Qxd1 Bb4 32. Rb7 c3 0-1

[Event "GBR-ch80"]
[Site "Dundee"]
[Date "1993.08.07"]
[Round "6"]
[White "O'Shaughnessy, Conor"]
[Black "Roberts, Paul"]
[Result "0-1"]
[WhiteElo "2340"]
[BlackElo "2195"]
[PlyCount "63"]
[EventDate "1993.08.02"]
[EventType "swiss"]
[EventRounds "11"]
[EventCountry "GBR"]
[SourceTitle "BritBase"]
[Source "britbase.info"]
[SourceDate "2021.07.30"]
[SourceVersion "1"]
[SourceVersionDate "2021.07.30"]
[SourceQuality "1"]

1. e4 c5 2. Nf3 e6 3. c3 d5 4. exd5 exd5 5. d4 Nf6 6. Bb5+ Bd7 7. Be2 Nc6 8.
O-O Be7 9. dxc5 Bxc5 10. Bg5 Be6 11. Nbd2 O-O 12. Nb3 Bb6 13. Nfd4 Re8 14. Bf3
Ne5 15. Re1 Ng6 16. Qd3 Bc7 17. Rad1 a6 18. Bh5 Qd6 19. Bxg6 Qxh2+ 20. Kf1 Bf5
21. Bxf7+ Kxf7 22. Qe3 Rxe3 23. Bxe3 Bg4 24. f3 Bd7 25. Nc5 Bc6 26. Bg1 Qh5 27.
Nxc6 bxc6 28. Re6 Bg3 29. Rxc6 Qf5 30. Nd3 Re8 31. Bf2 Bxf2 32. Kxf2 0-1

[Event "GBR-ch80"]
[Site "Dundee"]
[Date "1993.08.07"]
[Round "6"]
[White "Spice, Alan"]
[Black "Rowson, Jonathan"]
[Result "1/2-1/2"]
[WhiteElo "2200"]
[BlackElo "2325"]
[PlyCount "52"]
[EventDate "1993.08.02"]
[EventType "swiss"]
[EventRounds "11"]
[EventCountry "GBR"]
[SourceTitle "BritBase"]
[Source "britbase.info"]
[SourceDate "2021.07.30"]
[SourceVersion "1"]
[SourceVersionDate "2021.07.30"]
[SourceQuality "1"]

1. e4 c5 2. Nf3 e6 3. d4 cxd4 4. Nxd4 Nc6 5. g3 d5 6. Bg2 Nf6 7. exd5 exd5 8.
O-O Be7 9. Nxc6 bxc6 10. c4 O-O 11. cxd5 Nxd5 12. Qc2 Nb4 13. Qa4 Be6 14. a3
Nd3 15. Rd1 Nc5 16. Rxd8 Nxa4 17. Rxa8 Rxa8 18. Nc3 Nxc3 19. bxc3 Rb8 20. Bxc6
Rc8 21. Bb7 Rxc3 22. Be3 Rb3 23. Be4 f5 24. Bc2 Rb2 25. Bd3 a5 26. a4 Rb3
1/2-1/2

[Event "GBR-ch80"]
[Site "Dundee"]
[Date "1993.08.07"]
[Round "6"]
[White "Webster, Andrew"]
[Black "Ward, Christopher G"]
[Result "0-1"]
[WhiteElo "2410"]
[BlackElo "2460"]
[PlyCount "80"]
[EventDate "1993.08.02"]
[EventType "swiss"]
[EventRounds "11"]
[EventCountry "GBR"]
[SourceTitle "BritBase"]
[Source "britbase.info"]
[SourceDate "2021.07.30"]
[SourceVersion "1"]
[SourceVersionDate "2021.07.30"]
[SourceQuality "1"]

1. c4 b6 2. d4 Bb7 3. Qc2 Nf6 4. Nc3 d5 5. cxd5 Nxd5 6. e4 Nxc3 7. bxc3 e6 8.
Nf3 Be7 9. Bb5+ c6 10. Be2 O-O 11. Be3 Nd7 12. Rd1 Qc7 13. O-O c5 14. d5 exd5
15. exd5 Bd6 16. c4 Rae8 17. a4 Nf6 18. g3 Bc8 19. Kg2 Qd7 20. Ng1 h6 21. Bc1
Re7 22. Rfe1 Rfe8 23. h3 Qf5 24. Bd3 Qd7 25. Kf1 Rxe1+ 26. Rxe1 Rxe1+ 27. Kxe1
Qe8+ 28. Kf1 Bd7 29. a5 bxa5 30. Kg2 a4 31. Nf3 Qc8 32. Kh2 Bxh3 33. Qxa4 Bg4
34. Kg2 Qd7 35. Qa6 Qe7 36. Nh2 Bd7 37. Bb2 Ne4 38. Bc2 Ng5 39. g4 Bxh2 40.
Kxh2 Qe2 0-1

[Event "GBR-ch80"]
[Site "Dundee"]
[Date "1993.08.09"]
[Round "7"]
[White "Bates, Richard"]
[Black "Spice, Alan"]
[Result "1-0"]
[WhiteElo "2235"]
[BlackElo "2200"]
[PlyCount "81"]
[EventDate "1993.08.02"]
[EventType "swiss"]
[EventRounds "11"]
[EventCountry "GBR"]
[SourceTitle "BritBase"]
[Source "britbase.info"]
[SourceDate "2021.07.30"]
[SourceVersion "1"]
[SourceVersionDate "2021.07.30"]
[SourceQuality "1"]

1. d4 e6 2. c4 f5 3. g3 Nf6 4. Bg2 Be7 5. Nf3 d6 6. O-O O-O 7. b3 Qe8 8. Nc3 a5
9. Ba3 Na6 10. Re1 c6 11. Rc1 b5 12. Bb2 Rb8 13. Nd2 d5 14. cxb5 cxb5 15. Nf3
Bd6 16. Ne5 Bxe5 17. dxe5 Ne4 18. f3 Nxc3 19. Bxc3 b4 20. Bd4 Bb7 21. Qd2 a4
22. Bf1 axb3 23. axb3 Qd7 24. e3 Rfc8 25. Bd3 Rxc1 26. Rxc1 Rc8 27. Ra1 Qc6 28.
Ra5 Qc1+ 29. Qxc1 Rxc1+ 30. Kf2 Rc6 31. Ra4 Kf7 32. Bb5 Rc2+ 33. Ke1 Bc6 34.
Bxa6 Bxa4 35. bxa4 Rxh2 36. Be2 Ke8 37. a5 Kd8 38. a6 Kc7 39. a7 Kb7 40. Ba6+
Ka8 41. Bc8 1-0

[Event "GBR-ch80"]
[Site "Dundee"]
[Date "1993.08.09"]
[Round "7"]
[White "Emms, John M"]
[Black "Hebden, Mark"]
[Result "1-0"]
[WhiteElo "2455"]
[BlackElo "2560"]
[PlyCount "107"]
[EventDate "1993.08.02"]
[EventType "swiss"]
[EventRounds "11"]
[EventCountry "GBR"]
[SourceTitle "BritBase"]
[Source "britbase.info"]
[SourceDate "2021.07.30"]
[SourceVersion "1"]
[SourceVersionDate "2021.07.30"]
[SourceQuality "1"]

1. e4 e5 2. Nf3 Nc6 3. Bb5 a6 4. Ba4 Nf6 5. O-O Be7 6. Re1 b5 7. Bb3 O-O 8. d3
d6 9. c3 Na5 10. Bc2 c5 11. Nbd2 Re8 12. Nf1 g6 13. a3 Bf8 14. Bg5 Bg7 15. b4
Nc6 16. Ne3 h6 17. Bh4 cxb4 18. axb4 a5 19. bxa5 Rxa5 20. Bb3 Be6 21. Bxe6 fxe6
22. Bxf6 Bxf6 23. Qb3 Qa8 24. Rxa5 Qxa5 25. Rb1 Kf7 26. g3 Rb8 27. Kg2 Qa7 28.
h4 Qc5 29. Qc2 Ra8 30. Qd2 Bg7 31. Ng4 h5 32. Nh6+ Ke8 33. Qg5 Ne7 34. Ng8 Nxg8
35. Qxg6+ Kd7 36. Qxg7+ Ne7 37. Qf7 Ra7 38. d4 Qxc3 39. dxe5 b4 40. exd6 Kxd6
41. Rd1+ Kc5 42. Qxh5+ Kb6 43. Rd6+ Nc6 44. Nd4 Qxd4 45. Rxd4 Nxd4 46. Qe5 Nc6
47. Qxe6 Ra5 48. g4 Rb5 49. h5 b3 50. h6 b2 51. h7 b1=Q 52. h8=Q Qd3 53. Qb8+
Kc5 54. Qc7 1-0

[Event "GBR-ch80"]
[Site "Dundee"]
[Date "1993.08.09"]
[Round "7"]
[White "Ferguson, Mark"]
[Black "Murugan, Krishnamoorthy"]
[Result "1-0"]
[WhiteElo "2195"]
[BlackElo "2430"]
[PlyCount "85"]
[EventDate "1993.08.02"]
[EventType "swiss"]
[EventRounds "11"]
[EventCountry "GBR"]
[SourceTitle "BritBase"]
[Source "britbase.info"]
[SourceDate "2021.07.30"]
[SourceVersion "1"]
[SourceVersionDate "2021.07.30"]
[SourceQuality "1"]

1. e4 c5 2. Nf3 e6 3. d4 cxd4 4. Nxd4 Nf6 5. Nc3 d6 6. g4 Nc6 7. g5 Nd7 8. h4
Be7 9. Be3 a6 10. Qd2 O-O 11. O-O-O Nxd4 12. Qxd4 b5 13. Kb1 Rb8 14. Ne2 e5 15.
Qd2 Nc5 16. Ng3 Be6 17. f3 Qc7 18. Bh3 Rfd8 19. Bxe6 fxe6 20. g6 h6 21. Bxh6
gxh6 22. Nh5 Bf8 23. g7 Bxg7 24. Rhg1 Rd7 25. Qxh6 Rf8 26. Rxd6 Rff7 27. Rxd7
Qxd7 28. b4 Qd1+ 29. Rxd1 Bxh6 30. bxc5 Rxf3 31. c6 Rc3 32. Nf6+ Kf7 33. Nd7
Ke8 34. Nb8 a5 35. Rd7 Rxc6 36. Rh7 Rc4 37. Rxh6 Rxe4 38. Rxe6+ Kf7 39. Rh6 Kg7
40. Rh5 a4 41. Nc6 b4 42. Kb2 Kf6 43. Nxe5 1-0